Chants à l'usage des écoles primaires

Saved in:
Bibliographic Details
Main Author: DERIVE [Théodore]
Format: Unknown
Language:French
Published: Liége [Liège] J. Ledoux, imprimeur 1845
Edition:troisième édition, revue et augmentée avec approbation ecclésiastique
Textbook Catalogue:MANES:  Library Catalog Search Result
Textbook Classification:
Subjects:
Tags: Add Tag
No Tags, Be the first to tag this record!
Added to:2016-04-26

MARC

LEADER 000000000a22000000004500
001 25611
008 160427s be ||||| |||| 00| 0 fre d
040 |a manes  |c manes 
041 |a Francés 
100 1 |a DERIVE [Théodore] 
245 0 0 |a Chants à l'usage des écoles primaires 
250 |a troisième édition, revue et augmentée avec approbation ecclésiastique 
260 3 |a Liége [Liège]  |b J. Ledoux, imprimeur  |c 1845 
300 |a p. 28-70 
500 |a CaA, 1845 
546 |a Bélgica 
650 7 |a Educación Artística 
655 7 |a Primaria 
942 |2 ddc  |c BK 
999 |c 47939  |d 47939 
999 |c manes:47939  |d 47939